La concubina

Đã lưu trong:
Chi tiết về thư mục
Tác giả chính: Pietrangeli, Alberto
Định dạng: Sách
Ngôn ngữ:Tiếng Anh
Được phát hành: Treviso Editing edizioni 2008
Các nhãn: Thêm thẻ
Không có thẻ, Là người đầu tiên thẻ bản ghi này!

MARC

LEADER 00000nam a2200000 4500
005 20240710182813.0
008 240710b |||||||| |||| 00| 0 eng d
020 |a 9788860940964 
040 |c GP 
100 |a Pietrangeli, Alberto 
245 |a La concubina 
260 |a Treviso  |b Editing edizioni  |c 2008 
942 |2 ddc  |c BK  |n 0 
952 |0 0  |1 0  |2 ddc  |4 0  |6 853_000000000000000_PIE  |7 1  |9 1605  |a RM  |b RM  |d 2024-07-10  |l 0  |o 853 PIE  |p 289  |r 2024-07-10 18:28:30  |w 2024-07-10  |y BK 
999 |c 1424  |d 1424